Score 0/20 Timer 03:00
0 Plays Today
Band Word % Correct
Destiny's _____Child
99%
Red Hot _____ PeppersChili
98.4%
Motley _____Crue
94.6%
_____ Test Dummies Crash
87.2%
Dixie _____Chicks
86.6%
Counting _____Crows
82.1%
Culture _____Club
81.3%
_____ Clearwater RevivalCreedence
80.4%
_____, Stills, Nash, & YoungCrosby
78%
Blue Öyster _____Cult
77.5%
Band Word % Correct
Alice in _____Chains
75.6%
Wu-Tang _____Clan
70.3%
Fine Young _____Cannibals
61.5%
A Tribe _____ QuestCalled
52%
Owl _____City
50.3%
The Dave _____ FiveClark
46.8%
_____ HillCypress
33.3%
_____ CrewCutting
26.1%
_____ StarshipCobra
23.8%
_____ Cities Capital
15.1%

Today's Daily Dose

Remove Ads.
Support Sporcle.
Get the best of Sporcle when you Go Orange. This ad-free experience offers more features, more stats, and more fun while also helping to support Sporcle. Thank you for becoming a member.

You're not logged in!

Compare scores with friends on all Sporcle quizzes.
OR
Log In

Show Comments

Extras

Top Quizzes Today


Score Distribution

Your Account Isn't Verified!

In order to create a playlist on Sporcle, you need to verify the email address you used during registration. Go to your Sporcle Settings to finish the process.

Report this User

Report this user for behavior that violates our Community Guidelines.

Details: